| 000 | 00642nam a2200229Ia 4500 | ||
|---|---|---|---|
| 005 | 20250507130106.0 | ||
| 008 | 008 250505s9999 xx 000 0 eng d | ||
| 020 | _a9780321421418 | ||
| 037 | _aBound Volumes | ||
| 040 |
_aEASL _beng _cEASL |
||
| 041 |
_aeng _2eng |
||
| 084 |
_aV49B.N9, P7 _qEASL |
||
| 100 |
_aMurphey Rhoads Au. _9664940 |
||
| 245 | 0 | _aEast Asia: A new history | |
| 250 | _a4th | ||
| 260 |
_aUSA _bNew York Pearson Longman U.S _c2007 |
||
| 300 | _axviii,485P. | ||
| 490 | _vRS | ||
| 650 |
_aGen; Southeast Asia - History _9754959 |
||
| 942 |
_cCR _hV49B.N9, P7 |
||
| 999 |
_c1317638 _d1317638 |
||